Top 20 Oil Producing Countries in 1940 - Statistics

General Stats
  • This quiz has been taken 2,691 times
  • The average score is 11 of 20
Answer Stats
prod'n country % Correct
182,873 United States
99%
700 Saudi Arabia
90%
8765 Iran
86%
585 China
83%
2514 Iraq
83%
1128 Canada
82%
6301 Mexico
78%
31,100 USSR
73%
26,896 Venezuela
67%
1100 Germany
60%
929 Egypt
56%
3535 Colombia
49%
7939 Indonesia
47%
2948 Argentina
45%
1609 Peru
36%
5800 Romania
30%
967 Bahrain
17%
1034 Burma
8%
869 Brunei
7%
3226 Trinidad and Tobago
4%
No matching quizzes found
Score Distribution
Percent of People with Each Score
Percentile by Number Answered
Your Score History
You have not taken this quiz